| 000 | 01252nam a22002297a 4500 | ||
|---|---|---|---|
| 999 |
_c22039 _d22039 |
||
| 003 | AR-CdUCM | ||
| 008 | 190515b ||||| |||| 00| 0 spa d | ||
| 040 |
_aMUNICIPALIDAD PROVINCIAL DEL CUSCO _cBIBLIOTECA MUNICIPAL DEL CUSCO |
||
| 082 | _aInkaRimay/N°5/2000 | ||
| 110 |
_aAcademia Mayor de la Lengua Quechua _97946 |
||
| 245 |
_aRevista Inka Rimay : _bÓrgano Cultural e Informativo de la Academia Mayor de Lengua Quechua / |
||
| 260 |
_aCusco : _bYañez, _c2000. |
||
| 300 |
_a278 páginas ; _c20 cm. |
||
| 440 |
_aRevista Inka Rimay. _nN°5, 2000 _947232 |
||
| 505 | _aContenido: Origen cusqueño del Quechua. -- Amauta Faustino Espinoza Navarro. -- Paradigma del hombre andino. -- Características lingüísticas del Quechua. -- Runasimi idioma Quechua Penta vocálico. -- La nueva Plaza mayor del Cusco. -- Los Inkas conocieron las maquinas simples. -- El parque arqueológico de Ollantaytambo. -- La canción popular y su Quechua o Runasimi. -- La nación K´ana. -- Los dioses en la catedral del Cusco. -- El recuerdo de Santiago Astete Chocano. ... | ||
| 650 |
_aInkas _91899 |
||
| 650 |
_aIdioma Quechua _927790 |
||
| 650 |
_aSiglo XX _98 |
||
| 710 |
_aMunicipalidad Provincial del Cusco _947231 |
||
| 942 |
_2ddc _cLIBROS |
||
| 945 | _avhl | ||